Welcome to CU Library Online Public Access Catalogue (OPAC)

The law and economics of the environment / (Record no. 5511)

MARC details
000 -LEADER
fixed length control field 00603cam a2200193 a 4500
001 - CONTROL NUMBER
control field 12241219
005 - DATE AND TIME OF LATEST TRANSACTION
control field 20250423141812.0
008 - FIXED-LENGTH DATA ELEMENTS--GENERAL INFORMATION
fixed length control field 001127s2001 enkab b 001 0 eng
020 ## - INTERNATIONAL STANDARD BOOK NUMBER
International Standard Book Number 1840643390
050 00 - LIBRARY OF CONGRESS CALL NUMBER
Classification number K3585
Item number .L39 2001
082 00 - DEWEY DECIMAL CLASSIFICATION NUMBER
Classification number 333.7
Edition information 21
245 04 - TITLE STATEMENT
Title The law and economics of the environment /
Statement of responsibility, etc. edited by Anthony Heyes.
260 ## - PUBLICATION, DISTRIBUTION, ETC.
Place of publication, distribution, etc. Cheltenham, UK ;
-- Northampton, MA :
Name of publisher, distributor, etc. E. Elgar,
Date of publication, distribution, etc. c2001.
300 ## - PHYSICAL DESCRIPTION
Extent xvi, 409 p. :
Other physical details ill., map ;
Dimensions 24 cm.
650 #0 - SUBJECT ADDED ENTRY--TOPICAL TERM
Topical term or geographic name entry element Environmental law
General subdivision Economic aspects.
650 #0 - SUBJECT ADDED ENTRY--TOPICAL TERM
Topical term or geographic name entry element Law and economics.
700 1# - ADDED ENTRY--PERSONAL NAME
Personal name Heyes, Anthony,
Dates associated with a name 1967-
942 ## - ADDED ENTRY ELEMENTS (KOHA)
Source of classification or shelving scheme Library of Congress Classification
Koha item type Books
Suppress in OPAC No
999 ## -
-- 5511
-- 5511
Holdings
Withdrawn status Lost status Source of classification or shelving scheme Damaged status Not for loan Collection Home library Current library Shelving location Date acquired Total checkouts Full call number Barcode Date last seen Copy number Price effective from Koha item type
    Library of Congress Classification     Non-fiction Law Library (Christ Temple) Law Library (Christ Temple) General stacks 04/23/2025   K3585.L39 LAW LLCT00000579 04/23/2025 1 04/23/2025 Books
© 2023-2024 Copyright: Central University Libraries. All Rights Reserved | Created by: Mahone Tech Office